000 01189nam a22003257a 4500
003 CHAP
005 20220329133858.0
008 971013s1985 r 00010 d
010 _a12142
011 _a13114
035 _a17185
040 _cCHAP
082 _a511
_bG4
100 0 0 _aGentile, Enzo R.
_947516
245 _aAritmética elemental
260 _aWashington :
_bOrganización de los Estados Americanos. Programa Regional de Desarrollo Científico y Tecnológico,
_c1985
300 _a138 p.
490 _aOrganización de los Estados Americanos. Matemática : monografía
_v; 25
590 _aBATCH-UPD
_b10
_c20130110
_lUCH01
_h2108
590 _aBATCH-UPD
_b10
_c20130410
_lUCH01
_h1419
590 _aBATCH-UPD
_b10
_c20130914
_lUCH01
_h0358
590 _aBATCH-UPD
_b10
_c20130914
_lUCH01
_h2131
590 _aCONVERSION
_b10
_c20130109
_lUCH01
_h1308
650 1 4 _aAritmética.
_97117
830 0 _aOrganización de los Estados Americanos. Matemática : monografía
_v; 25
_983538
901 _aBK
942 _cLIBRO
949 _a511 G4
_bBC
_cLIBRO
_d33724000413779
_eLIBRO
_fc.2
_h68016
_i17185
_mD
_si
949 _a511 G4
_bBC
_cLIBRO
_d33724000414009
_eLIBRO
_h67561
_i17185
_mD
_si
999 _c12142
_d12142